LEADER 01669nam a2200325 u 4500 001 000000001448 003 CaOOAMICUS 005 20070226104320.0 008 941004s1966 it u000 u ita u 035 $a10034229 040 $aPUL(R)$bita$dISA(R) 100 1 $aAmelotti, Mario.$0(OLS)http://pul/name/1622 245 13$aIl testamento romano attraverso la prassi documentale.$n1,$pLe forme classiche di testamento /$cMario Amelotti. 246 30$aForme classiche di testamento 260 $aFirenze :$bLe Monnier,$c1966. 300 $axiv, 311 p. ;$c25 cm 490 1 $aStudi e testi di papirologia editi dall'Istituto papirologico "G. Vitelli" di Firenze ;$v1 504 $aNote bibliografiche a pič di pagina. 650 4$aTestamento$xDiritto e legislazione.$0(OLS)http://pul/subject/1512 650 4$aTestamento (diritto romano)$xFonti.$0(OLS)http://pul/subject/1513 830 0$aStudi e testi di papirologia ;$v1.$0(OLS)http://pul/title/2189 850 $aPUL 852 $aPUL$W1$xSL Diritto e Scienze Sociali 1$y4$m184 E 95$j1898$nBK-PRI$b $qStampati$B1898$CPULBib$Z2$F1898 $H $81 852 $aPUL$W1$xSL Diritto e Scienze Sociali 1$y4$m186 F 44$j1899$nBK-PRI$b $qStampati$B1899$CPULBib$Z2$F1899 $H $81 941 1 $a8 961 $aINV: 67149. Dono Lombardi. 961 $aINV: 37880 996 $6245$aIl testamento romano attraverso la prassi documentale.$n1,$pLe forme classiche di testamento$9(OLS)http://pul/title/2187 996 $6246$aForme classiche di testamento$9(OLS)http://pul/title/2188 996 $6260$aFirenze :$bLe Monnier$9(OLS)http://pul/publisher/48028 LEADER 01320nam a2200289 u 4500 001 000000081297 003 CaOOAMICUS 005 20070226123736.0 008 050317s2004 it u000 u ita u 035 $a11035111 040 $aPUL$bita 100 1 $aCatenaro, Anna Egidia.$0(OLS)http://pul/name/54200 245 13$aIl concetto di martirio e la valutazione delle prove nelle cause dei Santi /$cAnna Egidia Catenaro. 260 $aRoma :$bPontificia Universitā Lateranense,$c2004. 300 $a86 p. ;$c24 cm 500 $a"Excerptum theseos ad Doctoratum in Iure Canonico". 502 $aDiss. (Doct.)-- Pontificia Universitā Lateranense, 2004. 504 $aBibliografia: p. 71-82. 650 4$aCanonizzazione.$0(OLS)http://pul/subject/617 650 4$aMartirio.$0(OLS)http://pul/subject/616 850 $aPUL 852 $aPUL$W1$xDP1 Tesi Pon Univ. Lateranense$y41$mTH PUL 1285$j103733$nBK-PRI$b $qTesi$B103733$CPULBib$Z2$F103733 $H $81 941 1 $a16 960 $aBeatificazione e canonizzazione$9617 960 $aBeatificazione e canonizzazione$9617 996 $6245$aIl concetto di martirio e la valutazione delle prove nelle cause dei Santi$9(OLS)http://pul/title/106343 996 $6260$aRoma :$bPontificia Universitā Lateranense$9(OLS)http://pul/publisher/47963